000 01377nam a2200301 i 4500
001 178847
003 ES-MaACL
005 20250801143435.0
008 110718s2009 sp acfo |||| |dspa d
020 _a978-84-8485-300-8
080 _a061.3(460.313 V.)"1937"(094)
080 _a82:32
100 1 _aAznar Soler, Manuel.
_924318
245 1 0 _aMateriales documentales del Segundo Congreso Internacional de Escritores para la Defensa de la Cultura
_b: (Valencia-Madrid-Barcelona-París, 1937) /
_cManuel Aznar Soler.
246 3 0 _aCongreso Internacional de Escritores para la Defensa de la Cultura, 1937
260 _aSada, A Coruña :
_bEdiciós do Castro,
_c[2009]
300 _a606 p., [40] p. de lám. fot. ;
_c24 cm.
490 1 _aPublicaciones varias
505 8 _aContiene: Ponencias del Congreso de 1937 - Testimonios - Textos marginales - El Congreso de 1937, cincuenta años después
611 2 7 _aCongreso Internacional de Escritores para la Defensa de la Cultura (
_n2º.
_d1937.
_cValencia, etc.)
_9168600
650 7 _aLiteratura y política
_2embne
_914675
700 1 _aGaya, Ramón,
_d1910-2005
_956125
830 0 _aPublicaciones varias
_9224353
852 _aES-MaACL
_9185712
_bR.145804
_jA-11358
_dOlim: N-4362
_cDEPO1
_xDonación: José Esteban
903 _9234040
_aEsteban, José
_ednr
942 _2udc
999 _c178847
_d178847